[Event "Tournoi francophone 002 Groupe E"]
[Site "Skype"]
[Date "????.??.??"]
[Round "6.4"]
[White "Kruk, Clementine"]
[Black "Milanese, Serge"]
[Result "1/2-1/2"]
[WhiteElo "1187"]
[BlackElo "1294"]
[PlyCount "76"]

1. e4 e5 2. Nf3 Nc6 3. Bc4 h6 4. Nc3 Bc5 5. d3 d6 6. h3 Nf6 7. Be3 Bxe3 8. fxe3
O-O 9. Qe2 a6 10. a4 Be6 11. Nd5 Nxd5 12. exd5 Bf5 13. dxc6 bxc6 14. e4 d5 15.
exf5 dxc4 16. Nxe5 Qh4+ 17. Qf2 Qf6 18. Nxc4 Rae8+ 19. Ne3 Qxb2 20. Kd2 Rd8 21.
Rhf1 Qb4+ 22. c3 Qb2+ 23. Nc2 Rd5 24. c4 Re5 25. Qd4 Qxd4 26. Nxd4 c5 27. Nc6
Ree8 28. d4 cxd4 29. Nxd4 Rd8 30. Ke3 Rfe8+ 31. Kd3 c5 32. Rae1 Rxd4+ 33. Kc3
Red8 34. Rf3 f6 35. Ree3 Rd1 36. Rd3 R8xd3+ 37. Rxd3 Rc1+ 38. Kb3 Kh7 1/2-1/2

[Event "Tournoi francophone 002 Groupe E"]
[Site "Skype"]
[Date "????.??.??"]
[Round "6.5"]
[White "Ouellet, Emile"]
[Black "Douichi, Mohammed"]
[Result "0-1"]
[WhiteElo "1280"]
[BlackElo "1172"]
[PlyCount "60"]

1. e4 d6 2. Nf3 e5 3. Bc4 Nf6 4. Nc3 c6 5. d4 d5 6. exd5 cxd5 7. Bb5+ Bd7 8.
Bxd7+ Nbxd7 9. dxe5 Nxe5 10. Nxe5 Bb4 11. O-O Bxc3 12. bxc3 O-O 13. Bg5 h6 14.
Bxf6 Qxf6 15. Nd7 Qc6 16. Nxf8 Kxf8 17. Qd4 b6 18. Rae1 Rd8 19. Re3 a5 20. Rfe1
Qd6 21. c4 a4 22. Qxd5 Qb8 23. Re7 Rxd5 24. cxd5 g6 25. Rd7 Kg7 26. Ree7 Kf6
27. Rxf7+ Kg5 28. d6 Qc8 29. Rc7 Qe6 30. d7 Qe1# 0-1

[Event "Tournoi francophone 002 Groupe E"]
[Site "Skype"]
[Date "????.??.??"]
[Round "7.1"]
[White "Douichi, Mohammed"]
[Black "Bustos, Ricardo"]
[Result "1-0"]
[WhiteElo "1172"]
[BlackElo "1239"]
[PlyCount "43"]

1. e4 c5 2. e5 e6 3. Nf3 Nc6 4. c3 d6 5. d4 cxd4 6. cxd4 dxe5 7. Bb5 Qa5+ 8.
Nc3 Bb4 9. Bxc6+ bxc6 10. O-O Bxc3 11. bxc3 Qxc3 12. Be3 exd4 13. Bxd4 Qc4 14.
Bxg7 Nf6 15. Bxh8 Ne4 16. Rc1 Qxa2 17. Bd4 Ba6 18. Re1 c5 19. Rxe4 cxd4 20.
Rxd4 Bb7 21. Ra1 Qb3 22. Qxb3 1-0

[Event "Tournoi francophone 002 Groupe E"]
[Site "Skype"]
[Date "????.??.??"]
[Round "7.2"]
[White "Milanese, Serge"]
[Black "Ouellet, Emile"]
[Result "1/2-1/2"]
[WhiteElo "1294"]
[BlackElo "1280"]
[PlyCount "60"]

1. d4 Nf6 2. c4 e6 3. a3 c5 4. Nc3 d5 5. Nf3 b6 6. Bf4 Bb7 7. Nb5 Bd6 8. Nxd6+
Ke7 9. Nxb7 Qd7 10. Nd6 Nc6 11. e3 a6 12. Bd3 dxc4 13. Bxc4 Ne4 14. Ng5 Nxd6
15. dxc5 Nxc4 16. Qxd7+ Kxd7 17. Rd1+ Ke7 18. cxb6 Nxb6 19. Rd6 e5 20. Rxc6
Rac8 21. Rxc8 Rxc8 22. O-O exf4 23. e4 Nc4 24. Rc1 Rd8 25. g3 Nxb2 26. Rc7+ Rd7
27. Rc3 Rd2 28. gxf4 Nd1 29. Rc7+ Rd7 30. Rxd7+ Kxd7 1/2-1/2

[Event "Tournoi francophone 002 Groupe E"]
[Site "Skype"]
[Date "????.??.??"]
[Round "7.3"]
[White "Sahrane, Juba"]
[Black "Kruk, Clementine"]
[Result "1-0"]
[WhiteElo "1222"]
[BlackElo "1187"]
[PlyCount "73"]

1. e4 e5 2. Nf3 Nc6 3. c3 Nf6 4. d4 exd4 5. e5 Qe7 6. cxd4 Qb4+ 7. Nc3 Ne4 8.
Bd2 Nxd4 9. Nxe4 Nxf3+ 10. Qxf3 Qxb2 11. Bc3 Bb4 12. a3 Qxa1+ 13. Ke2 Qa2+ 14.
Kd1 Qd5+ 15. Bd3 Qb3+ 16. Bc2 Qxa3 17. Ng5 f6 18. exf6 Bxc3 19. fxg7 Qa1+ 20.
Ke2 Qxh1 21. Qf7+ Kd8 22. g8=Q+ Rxg8 23. Qxg8+ Ke7 24. Qf7+ Kd6 25. Ne4+ Ke5
26. f4+ Kd4 27. Qf6+ Kc4 28. Qxc3+ Kd5 29. Qc5+ Ke6 30. Bb3+ d5 31. Qxd5+ Ke7
32. Qe5+ Kd8 33. Qf6+ Ke8 34. Bf7+ Kf8 35. Bg6+ Kg8 36. Qf7+ Kh8 37. Qf8# 1-0

[Event "Tournoi francophone 002 Groupe E"]
[Site "Skype"]
[Date "????.??.??"]
[Round "7.4"]
[White "Mimouni, Driss"]
[Black "Lemoine, Gerard"]
[Result "0-1"]
[WhiteElo "1199"]
[BlackElo "1202"]
[PlyCount "76"]

1. e4 e6 2. Bc4 d5 3. Bb3 c5 4. d3 Bd7 5. Nf3 dxe4 6. dxe4 b5 7. a3 Nf6 8. Bg5
Be7 9. Ne5 Nxe4 10. Qe2 Nxg5 11. Nxd7 Nxd7 12. O-O Bf6 13. Qxb5 Bxb2 14. Ra2
Bd4 15. c3 a6 16. cxd4 axb5 17. dxc5 Nxc5 18. Nd2 Nxb3 19. Nxb3 b4 20. Rd2 Qe7
21. f4 Ne4 22. Rd4 bxa3 23. Rfd1 O-O 24. Rxe4 Rfd8 25. Nd4 Qc5 26. g3 Ra4 27.
Re5 Qb6 28. Rde1 Qxd4+ 29. Kg2 Rd5 30. R5e2 Rf5 31. h4 Qd5+ 32. Kh3 Qc6 33. g4
Rfxf4 34. h5 Rfe4 35. Rc1 Qxc1 36. Rh2 Rxg4 37. Rf2 Qe1 38. Rf3 Qh1# 0-1

[Event "Tournoi francophone 002 Groupe E"]
[Site "Skype"]
[Date "????.??.??"]
[Round "8.1"]
[White "Bustos, Ricardo"]
[Black "Frigon, Julian"]
[Result "1-0"]
[WhiteElo "1239"]
[BlackElo "1199"]
[PlyCount "45"]

1. d4 d6 2. e4 e6 3. Nf3 Nf6 4. Bg5 Be7 5. Nc3 Bd7 6. e5 Nh5 7. Bxe7 Qxe7 8.
exd6 cxd6 9. Nd2 Nc6 10. Qxh5 Nxd4 11. O-O-O O-O 12. Bd3 g6 13. Qg4 Rac8 14.
Qxd4 e5 15. Qd5 Be6 16. Qf3 Bd7 17. Be4 b6 18. Kb1 Qe6 19. Bd5 Qe7 20. h4 Be6
21. h5 Bxd5 22. Nxd5 Qe8 23. Nf6+ 1-0

[Event "Tournoi francophone 002 Groupe E"]
[Site "Skype"]
[Date "????.??.??"]
[Round "8.2"]
[White "Lemoine, Gerard"]
[Black "Farthouat, Catherine"]
[Result "1-0"]
[WhiteElo "1202"]
[BlackElo "1197"]
[PlyCount "67"]

1. d4 Nf6 2. c4 e6 3. d5 Bb4+ 4. Nc3 O-O 5. Bd2 Re8 6. Nf3 h6 7. e4 d6 8. Be2
Nbd7 9. O-O Bxc3 10. Bxc3 b6 11. Qc2 Nc5 12. Nd4 Nfxe4 13. Nc6 Qd7 14. b4 Nxc3
15. Qxc3 exd5 16. Qf3 Qxc6 17. bxc5 Qxc5 18. Qxd5 Rxe2 19. Qxa8 Re8 20. Rae1
Rf8 21. Re7 Qxc4 22. Rfe1 Bd7 23. Qxa7 Rd8 24. g3 Qc6 25. Qa3 Bh3 26. f3 Qc2
27. R1e2 Qd1+ 28. Kf2 Qh1 29. Re8+ Rxe8 30. Rxe8+ Kh7 31. Qd3+ g6 32. Qb3 Qxh2+
33. Ke3 Bg4 34. Qxf7# 1-0

[Event "Tournoi francophone 002 Groupe E"]
[Site "Skype"]
[Date "????.??.??"]
[Round "8.3"]
[White "Kruk, Clementine"]
[Black "Mimouni, Driss"]
[Result "1-0"]
[WhiteElo "1187"]
[BlackElo "1199"]
[PlyCount "99"]

1. e4 e5 2. Nf3 Nf6 3. Nc3 b6 4. Bc4 Bb7 5. Ng5 Qe7 6. Nxf7 Rg8 7. Nb5 d5 8.
Bxd5 Nxd5 9. Qh5 h6 10. Nfd6+ Kd8 11. Nxb7+ Kc8 12. exd5 Kxb7 13. Qg6 Qd7 14.
a4 Qxd5 15. Qh7 Nd7 16. Qd3 Nf6 17. Qf3 e4 18. Qf4 Bc5 19. Qxc7+ Ka6 20. Nc3
Rab8 21. Nxd5 Nxd5 22. a5 Nxc7 23. axb6+ Kxb6 24. O-O Rgf8 25. d3 Rbe8 26. Be3
Bxe3 27. fxe3 exd3 28. cxd3 Ne6 29. g4 Ng5 30. b4 Nh3+ 31. Kg2 Rxe3 32. Rxf8
Re2+ 33. Kxh3 Re3+ 34. Kh4 g5+ 35. Kh5 Re6 36. Rb8+ Kc7 37. Ra8 Rf6 38. R1xa7+
Kd6 39. Ra6+ Ke7 40. Rxf6 Kxf6 41. Kxh6 Ke5 42. Kxg5 Kd5 43. b5 Kd4 44. Rd8+
Ke5 45. b6 Ke6 46. b7 Ke7 47. Rd4 Ke6 48. b8=Q Kf7 49. Qc7+ Kf8 50. Rd8# 1-0

[Event "Tournoi francophone 002 Groupe E"]
[Site "Skype"]
[Date "????.??.??"]
[Round "8.4"]
[White "Ouellet, Emile"]
[Black "Sahrane, Juba"]
[Result "0-1"]
[WhiteElo "1280"]
[BlackElo "1222"]
[PlyCount "76"]

1. e4 c5 2. Nf3 d6 3. d4 Nf6 4. Nbd2 cxd4 5. Nxd4 a6 6. b3 e6 7. Bb2 Be7 8. Bd3
O-O 9. O-O Bd7 10. N2f3 Nc6 11. Nxc6 Bxc6 12. Bxf6 Bxf6 13. Rb1 Rc8 14. c4 Qc7
15. Qc2 g6 16. Rfe1 Rfe8 17. Re2 Bg7 18. e5 Bxf3 19. gxf3 Bxe5 20. Qc1 d5 21.
Qh6 Bg7 22. Qe3 dxc4 23. bxc4 Red8 24. Qa7 Rxd3 25. Rxb7 Qxc4 26. Rxf7 Qc1+ 27.
Kg2 Qg5+ 28. Kf1 Rd1+ 29. Re1 Qb5+ 30. Kg2 Qg5+ 31. Kf1 Rxe1+ 32. Kxe1 Qh6 33.
Ke2 Rc2+ 34. Kd3 Rxa2 35. Qe7 Rxf2 36. Qe8+ Bf8 37. Qxe6 Qd2+ 38. Ke4 Re2# 0-1

[Event "Tournoi francophone 002 Groupe E"]
[Site "Skype"]
[Date "????.??.??"]
[Round "8.5"]
[White "Douichi, Mohammed"]
[Black "Milanese, Serge"]
[Result "1-0"]
[WhiteElo "1172"]
[BlackElo "1294"]
[PlyCount "93"]

1. e4 e5 2. Nf3 Nc6 3. c3 Nf6 4. d4 Nxe4 5. dxe5 Bc5 6. Be3 Bb6 7. Bc4 d6 8.
Bd5 Nxe5 9. Bxe4 O-O 10. O-O Nc4 11. Bd5 Nxe3 12. fxe3 Bxe3+ 13. Kh1 Bg4 14.
Bxb7 Rb8 15. Qd5 Qf6 16. Na3 a6 17. Nc4 Be6 18. Qe4 Bxc4 19. Rfe1 Bf2 20. Red1
Bb5 21. c4 Rfe8 22. Qd5 Bxc4 23. Qxc4 Rxb7 24. b3 a5 25. Qc6 Rbb8 26. Qxc7 Bc5
27. Qxa5 Re2 28. Rf1 Rf2 29. Rfe1 Rxg2 30. Kxg2 Qg6+ 31. Kh1 h5 32. Qc7 Rf8 33.
Qd7 f5 34. Nh4 Qf6 35. Nf3 h4 36. h3 Kh7 37. a4 Kh6 38. a5 Rf7 39. Qa4 Qc3 40.
Qf4+ Kh7 41. Qxh4+ Kg8 42. Qd8+ Rf8 43. Re8 Qxf3+ 44. Kh2 f4 45. Rxf8+ Kh7 46.
Qh4+ Kg6 47. Rxf4 1-0

[Event "Tournoi francophone 002 Groupe E"]
[Site "Skype"]
[Date "????.??.??"]
[Round "9.1"]
[White "Milanese, Serge"]
[Black "Bustos, Ricardo"]
[Result "0-1"]
[WhiteElo "1294"]
[BlackElo "1239"]
[PlyCount "76"]

1. e4 c5 2. Nf3 d6 3. d4 cxd4 4. Nxd4 Nf6 5. Nc3 g6 6. Bf4 e5 7. Bg3 exd4 8.
Qxd4 Nc6 9. Qd1 a6 10. Be2 Be7 11. a3 O-O 12. O-O b5 13. f3 Qc7 14. Nd5 Nxd5
15. exd5 Nb8 16. c3 Bb7 17. f4 Nd7 18. Bf3 Nf6 19. Re1 Rfe8 20. h3 Bf8 21. Bf2
Bh6 22. g3 Qd7 23. Qd4 Bg7 24. g4 Nxd5 25. Qxd5 Bxd5 26. Bxd5 Rab8 27. Kg2 Rxe1
28. Rxe1 Re8 29. f5 Rxe1 30. Bxe1 gxf5 31. Kg3 fxg4 32. hxg4 Be5+ 33. Kf3 Qc7
34. g5 Qc5 35. Ke4 Qg1 36. Bd2 Qg2+ 37. Kf5 Qxd2 38. g6 Qf4# 0-1

[Event "Tournoi francophone 002 Groupe E"]
[Site "Skype"]
[Date "????.??.??"]
[Round "9.2"]
[White "Sahrane, Juba"]
[Black "Douichi, Mohammed"]
[Result "1-0"]
[WhiteElo "1222"]
[BlackElo "1172"]
[PlyCount "81"]

1. e4 c5 2. c3 Nc6 3. d4 Nf6 4. e5 Nd5 5. Nf3 cxd4 6. cxd4 e6 7. Bd3 Bb4+ 8.
Bd2 Bxd2+ 9. Nbxd2 Qc7 10. Nc4 d6 11. Nxd6+ Kf8 12. O-O Nxe5 13. dxe5 h6 14.
Qa4 Bd7 15. Qc4 Bc6 16. Qc5 Qe7 17. Rac1 Qd8 18. Nxb7+ Qe7 19. Qxe7+ Nxe7 20.
Na5 Bxf3 21. gxf3 Nd5 22. Be4 Rb8 23. Bxd5 exd5 24. Nc6 Ra8 25. Rc5 Rc8 26.
Rfc1 Re8 27. Rxd5 g6 28. Nxa7 Kg7 29. Rdc5 h5 30. b4 Re7 31. Nc8 Rd7 32. b5 Rd2
33. a4 Ra2 34. R1c4 Rd8 35. Nd6 Ra8 36. b6 Ra1+ 37. Kg2 Rb8 38. b7 Rb1 39. Rc8
R8xb7 40. Nxb7 Ra1 41. a5 1-0

[Event "Tournoi francophone 002 Groupe E"]
[Site "Skype"]
[Date "????.??.??"]
[Round "9.3"]
[White "Mimouni, Driss"]
[Black "Ouellet, Emile"]
[Result "0-1"]
[WhiteElo "1199"]
[BlackElo "1280"]
[PlyCount "44"]

1. d4 d5 2. Nc3 Nf6 3. e3 e6 4. Bb5+ Bd7 5. e4 dxe4 6. Bxd7+ Nbxd7 7. Nxe4 Nxe4
8. Qe2 Ndf6 9. Nf3 Bb4+ 10. c3 Nxc3 11. bxc3 Bxc3+ 12. Nd2 Bxa1 13. Nb3 Bc3+
14. Bd2 Bxd4 15. Qb5+ c6 16. Qe2 O-O 17. Nxd4 Qxd4 18. O-O Qb2 19. Qe3 Rfd8 20.
Rd1 Rd4 21. Bc1 Rxd1+ 22. Qe1 Rxe1# 0-1

[Event "Tournoi francophone 002 Groupe E"]
[Site "Skype"]
[Date "????.??.??"]
[Round "9.4"]
[White "Farthouat, Catherine"]
[Black "Kruk, Clementine"]
[Result "0-1"]
[WhiteElo "1197"]
[BlackElo "1187"]
[PlyCount "24"]

1. e4 e5 2. Nf3 Nc6 3. Bb5 Nf6 4. Nc3 Bc5 5. Bxc6 bxc6 6. O-O d6 7. Re1 Ng4 8.
d4 exd4 9. Nxd4 Qf6 10. h3 Qxf2+ 11. Kh1 Bxd4 12. hxg4 Qh4# 0-1

[Event "Tournoi francophone 002 Groupe E"]
[Site "Skype"]
[Date "????.??.??"]
[Round "9.5"]
[White "Frigon, Julian"]
[Black "Lemoine, Gerard"]
[Result "0-1"]
[WhiteElo "1199"]
[BlackElo "1202"]
[PlyCount "44"]

1. d4 d5 2. Nf3 e6 3. Bf4 Nf6 4. c3 Nbd7 5. e3 Be7 6. Bd3 Nh5 7. Bg5 Bxg5 8.
Nxg5 Qxg5 9. O-O Ndf6 10. f3 Qxe3+ 11. Rf2 Qf4 12. Qd2 Qxd2 13. Nxd2 Nf4 14.
Bb5+ Bd7 15. Bxd7+ Nxd7 16. Re1 Nd3 17. Rff1 Nxe1 18. Rxe1 O-O 19. g4 Rfe8 20.
Nf1 e5 21. dxe5 Nxe5 22. Kf2 Nd3+ 0-1